| 000 | 00389nam a22001457a 4500 | ||
|---|---|---|---|
| 003 | OSt | ||
| 005 | 20160727222345.0 | ||
| 008 | 160621b xxu||||| |||| 00| 0 eng d | ||
| 040 | _ctest | ||
| 100 |
_9223 _aChurches, W. C |
||
| 245 |
_aWhat Is AIDS ? _bA Manual Of Health Workers |
||
| 260 |
_aSwis _bConc. church _c1994 |
||
| 300 | _aWhat Is AIDS ?: A Manual Of Health Workers | ||
| 942 |
_2ddc _cBK |
||
| 999 |
_c181 _d181 |
||